00654nam a2200241 a 4500001001300000003000900013005001700022008004100039020001000080082001400090100002100104245003200125260003400157300000900191500003500200505001500235650001900250700002100269902000800290942000700298952009200305999001500397nice12345678IN_TiNIC20260116011522.0050524s1932 lona grp 000 0 eng  ac10000a266bMAC1 aMaclagan, Edward aJesuits and the Great Mogul aLondonbBurns and Oatesc1932 a434p aincludes index and biblioraphy2 aAppendices aMissions-India1 aMaclagan, Edward bSRS cBK 00104070aHMIbHMId2007-07-11g100.00l0o266 MAC1p912r2007-07-11w2026-01-16yEB c2241d2241